| 000 | 00753cam a2200253 4500 | ||
|---|---|---|---|
| 001 | .b25998584 | ||
| 003 | YEEZEN | ||
| 005 | 20260202151354.0 | ||
| 008 | 250218s2025 ch ak e 000 0 chi d | ||
| 020 |
_a9786264140744 _q(平裝) : _c新臺幣520元 |
||
| 040 |
_aFCU _bchi _cFCU _eccr |
||
| 042 | _anbic | ||
| 090 | _a494 | ||
| 100 | 1 | _a胡世雄 | |
| 245 | 1 | 0 |
_a職場初心者一次學會專案管理 : _b從零開始系統化掌握團隊協作.效率與風險管理 / _c胡世雄, 江軍, 彭立言著 |
| 250 | _a初版 | ||
| 260 |
_a新北市 : _b博碩, _c2025.01 |
||
| 300 |
_a274面 : _b圖, 表 ; _c23公分 |
||
| 504 | _a含參考書目 | ||
| 650 | 7 |
_2lcstt _a專案管理 |
|
| 700 | 1 | _a江軍 | |
| 700 | 1 | _a彭立言 | |
| 942 |
_2ccl _cBOOK |
||
| 999 |
_c7694 _d7694 |
||